| 000 | 00942cam a22002771 4500 | ||
|---|---|---|---|
| 001 | 23485 | ||
| 003 | BD-RjUL | ||
| 005 | 20260104153341.0 | ||
| 008 | 140311s19551949nyu b 000 0 eng | ||
| 035 | _a(BD-RjUL)23550 | ||
| 040 |
_aDLC _cDLC _dDLC _beng |
||
| 041 | _aeng | ||
| 082 | 0 | 0 |
_a882.082 _bANT 1955 |
| 100 | 1 |
_aRobinson, Charles Alexander, _d1900-1965, _972322 |
|
| 245 | 1 | 3 | _aAn anthology of Greek drama. |
| 260 |
_aNew York : _bRinehart, _cC1949 [reprinting 1955] |
||
| 300 |
_axx, 6, 269 p. ; _c19 cm. |
||
| 490 | 0 | _aRinehart editions, 29 | |
| 504 | _a"Bibliographical note": p. [xxi] | ||
| 505 | 0 | _aAgamemnon, by Aeschylus.--Oedipus the King, and Antigone, by Sophocles.--Medea, and Hippolytus, by Euripides.--Lysistrata, by Aristophanes. | |
| 650 | 0 |
_aGreek drama _vTranslations into English. _966804 |
|
| 650 | 0 |
_aMythology, Greek _vDrama. _967834 |
|
| 942 |
_2ddc _cBK |
||
| 999 |
_c23485 _d23485 |
||